Next stages of CROW Act (Record no. 68541)

MARC details
000 -LEADER
fixed length control field 01283cam a2200241 4500
001 - CONTROL NUMBER
control field WB3738-23
008 - FIXED-LENGTH DATA ELEMENTS--GENERAL INFORMATION
fixed length control field 011010n2001 000 0 eng u
035 ## - SYSTEM CONTROL NUMBER
System control number (Sirsi) u115066
245 ## - TITLE STATEMENT
Title Next stages of CROW Act
260 ## - PUBLICATION, DISTRIBUTION, ETC.
Date of publication, distribution, etc. 2001
490 ## - SERIES STATEMENT
Series statement DEFRA News Release
Volume/sequential designation (173/01) 9 October 2001, (1)
520 ## - SUMMARY, ETC.
Summary, etc. Regulations have been laid to enable the Countryside Agency to issue and consult on draft maps of open country and registered common land, and for the draft maps to be widely available for inspection. "The Access to the Countryside (Maps in Draft Form) (England) Regulations 2001" (SI 2001:3301) is available at http://www.legislation.hmso.gov.uk/si/si2001/20013301.htm. A report summarising the response to the proposed regulations is available at http://www.defra.gov.uk/wildlife-countryside/cl/index.htm. Further information about the Countryside and Rights of Way Act 2000 is available at http://www.defra.gov.uk/wildlife-countryside/cl/bill/factsheet/index.htm.
590 ## - LOCAL NOTE (RLIN)
Local note WB
650 ## - SUBJECT ADDED ENTRY--TOPICAL TERM
Topical term or geographic name entry element COUNTRYSIDE AND RIGHTS OF WAY ACT 2000
650 ## - SUBJECT ADDED ENTRY--TOPICAL TERM
Topical term or geographic name entry element ACCESS TO THE COUNTRYSIDE
650 ## - SUBJECT ADDED ENTRY--TOPICAL TERM
Topical term or geographic name entry element OPEN COUNTRYSIDE
650 ## - SUBJECT ADDED ENTRY--TOPICAL TERM
Topical term or geographic name entry element COMMON LAND
650 ## - SUBJECT ADDED ENTRY--TOPICAL TERM
Topical term or geographic name entry element RIGHTS OF WAY
650 ## - SUBJECT ADDED ENTRY--TOPICAL TERM
Topical term or geographic name entry element MAPS
650 ## - SUBJECT ADDED ENTRY--TOPICAL TERM
Topical term or geographic name entry element COUNTRYSIDE AGENCY
690 ## - LOCAL SUBJECT ADDED ENTRY--TOPICAL TERM (OCLC, RLIN)
Topical term or geographic name as entry element Rural
9 (RLIN) 6268
942 ## - ADDED ENTRY ELEMENTS (KOHA)
Suppress in OPAC 0
Holdings
Withdrawn status Lost status Source of classification or shelving scheme Damaged status Not for loan Home library Current library Shelving location Date acquired Total Checkouts Full call number Barcode Date last seen Copy number Price effective from Koha item type
    Dewey Decimal Classification     London London News article 10/10/2001   WB3738-23 115066-1001 06/08/2019 1 06/08/2019 News article